000 00525nam a2200181Ia 4500
003 GCL
008 140319s9999 xx 000 0 ara d
040 _aGCL /
_cGCL
082 0 4 _a155.4
_bم ذ
100 1 _aمحمد احمد النابلسى
245 1 0 _aذكاء الرضيع /
_cمحمد احمد النابلسى
300 _a144 ص
490 _aسلسلة علم نفس الاطفال
_v0
650 0 4 _aعلم النفس
650 0 4 _aالذكاء
650 0 4 _aالاطفال - علم نفس
942 _2ddc
_cBK
999 _c41575
_d41575